Contributions to Asian studies / (Record no. 1526)

MARC details
000 -LEADER
fixed length control field 00602nam a22002057a 4500
003 - CONTROL NUMBER IDENTIFIER
control field BD-DhJNU
005 - DATE AND TIME OF LATEST TRANSACTION
control field 20250323050802.0
008 - FIXED-LENGTH DATA ELEMENTS--GENERAL INFORMATION
fixed length control field 250323b |||||||| |||| 00| 0 eng d
020 ## - INTERNATIONAL STANDARD BOOK NUMBER
International Standard Book Number 9004068295
040 ## - CATALOGING SOURCE
Original cataloging agency BD-DhJNU
Language of cataloging ENG
Transcribing agency BD-DhJNU
Modifying agency BD-DhJNU
082 ## - DEWEY DECIMAL CLASSIFICATION NUMBER
Edition number 23
Classification number 297.5
245 ## - TITLE STATEMENT
Title Contributions to Asian studies /
Statement of responsibility, etc. Edited by Ishwaran and Bardwell L. Smith
260 ## - PUBLICATION, DISTRIBUTION, ETC.
Place of publication, distribution, etc. Leiden :
Name of publisher, distributor, etc. E.J. Brill,
Date of publication, distribution, etc. 1982.
300 ## - PHYSICAL DESCRIPTION
Extent xvii, 118 p. :
Dimensions 23 cm.
504 ## - BIBLIOGRAPHY, ETC. NOTE
Bibliography, etc. note includes index
650 ## - SUBJECT ADDED ENTRY--TOPICAL TERM
Topical term or geographic name entry element Islam in Asia
700 ## - ADDED ENTRY--PERSONAL NAME
Personal name Ishwaran, K.
Relator term Editor
700 ## - ADDED ENTRY--PERSONAL NAME
Personal name Smith, L. Bardwell
Relator term Editor
942 ## - ADDED ENTRY ELEMENTS (KOHA)
Source of classification or shelving scheme Dewey Decimal Classification
Koha item type Books
Suppress in OPAC No
Holdings
Withdrawn status Lost status Source of classification or shelving scheme Damaged status Not for loan Collection Home library Current library Shelving location Date acquired Source of acquisition Total checkouts Full call number Barcode Date last seen Copy number Price effective from Koha item type
    Dewey Decimal Classification     Non-fiction Jagannath University Central Library Jagannath University Central Library General stacks 03/23/2025 Purchased   297.5 CON JNUCL1443 03/23/2025 1 03/23/2025 Books